| LEADER 00000nam 2200000uu 4500 |
| 001 213270 |
| 003 ULIBM |
| 008 230607s||||||||th 000 0 tha d |
| 020 ^a9789740340560
|
| 040 ^abcnkk
|
| 041 ^atha
|
| 060 04 ^aW20.5^bจ755ว 2565
|
| 100 0 ^aเจษฎา คุณโน
|
| 245 10 ^aวิธีการวิจัยพื้นฐานสำหรับวิทยาศาสตร์สุขภาพ =^bBasic of researchmethodology for health science /^cเจษฎา คุณโน
|
| 246 31 ^aBasic of research methodology for health science
|
| 250 ^aพิมพ์ครั้งที่ 2
|
| 260 ^aกรุงเทพฯ :^bสำนักพิมพ์จุฬาลงกรณ์มหาวิทยาลัย,^c2565
|
| 300 ^aก-ซ, 264 หน้า :^bภาพประกอบ ;^c26 ซม.
|
| 504 ^aมีบรรณานุกรมและดัชนี
|
| 505 0 ^aบทนำงานวิจัย -- การกำหนดปัญหาวิจัย -- การเลือกวิธีออกแบบงานวิจัย --ปัจจัยรบกวนและอคติ -- เครื่องมือสำหรับเลือกกลุ่มตัวอย่าง --เครื่องมือสำหรับการเก็บข้อมูล -- เครื่องสำหรับการวิเคราะห์ข้อมูล --เอกสารอื่น ๆ -- การร่างผลงานวิจัยสำหรับตีพิมพ์ --แหล่งการสืบค้นเอกสารอ้างอิง -- เครื่องมือตรวจสอบ --การสร้างเอกสารอ้างอิง
|
| 650 4 ^aวิทยาศาสตร์สุขภาพ^xวิจัย
|
| 650 4 ^aวิทยาศาสตร์สุขภาพ^xระเบียบวิธีทางสถิติ
|
| 650 4 ^aMedicine^xResearch^xMethodology
|
| 650 4 ^aการเขียนโครงการวิจัย
|
| 999 ^aใช้งานได้ทุกระบบ
|